01200nab a22002057a 4500003000400000005001700004008004100021040000700062100002700069245012600096260004200222300001200264500003700276505040600313505008900719650002000808650002400828650002300852773011900875OSt20260201181326.0190506c xxu||||| |||| 00| 0 spa d cPJ aBergonzelli, Agustina 10aReducción de la jornada laboral : buna salida posible para los deberes de cuidado compartidos /cAgustina Bergonzelli. aBuenos Aires :bAbeledoPerrot,c2023. ap. 9-16 aCita: TR LALEY AR/DOC/2417/2023  aSumario: I. Definición y criterios de calificación.— II. Régimen legal de Jornada en la Argentina.— III. Convenios de OIT sobre Jornada.— IV. Proyectos de ley sobre reducción de jornada.— V. Algunos estudios científicos y datos objetivos sobre el tema.— VI. Deberes de cuidado compartidos. Avances y su relación con la reducción de Jornada.— VII. Conclusiones y reflexión.  t¿Te interesa el texto completo? Comunicate al correo: koha@justierradelfuego.gov.ar 0aDERECHO LABORAL 0aCONTRATO DE TRABAJO 0aJORNADA DE TRABAJO0 02751dBuenos Aires : AbeledoPerrot, 2013-tRevista de derecho laboral y seguridad social. Nº 22 - Noviembre 2023